Statistiques concernant Coupe du monde 2010

Cliquez ici pour prendre le quiz!

Statistiques générales

  • Ce quiz a été pris 220 fois
  • Le résultat moyen est 8 sur 15

Statistiques - réponses

QuestionRéponse% Correct
Chanteuse ayant créé l’hymne de cette coupe du mondeShakira
100%
Groupe de la France ( mettre la lettre )A
99%
Groupe du Brésil ( mettre la lettre )G
99%
Nom de ce titreWaka Waka
97%
Tenant du titreItalie
92%
Unique buteur en finaleAndres Iniesta
77%
Capitaine des vainqueurs espagnolsIker Casillas
56%
Score d’Allemagne - Angleterre4-1
37%
Meilleur joueur de la compétitionDiego Forlan
28%
Son passeur décisifCesc Fabregas
24%
Dernier buteur des demi-finalesCarles Puyol
21%
Dernier buteur des quarts de finaleDavid Villa
16%
Seule équipe invaincue durant cette coupe du mondeNouvelle Zelande
15%
Deuxième meilleur joueur de la compétitionWesley Sneijder
14%
Dernier buteur avant la finaleSami Khedira
4%

Distribution des résultats

Percentile par nombre de réponses

% des personnes avec chaque résultat

Votre développement - résultats

Vous n’avez pas pris ce quiz